| 000 | 00752nam a2200241Ia 4500 | ||
|---|---|---|---|
| 003 | OSt | ||
| 005 | 20220923212323.0 | ||
| 006 | a|||||r|||| 00| 0 | ||
| 007 | ta | ||
| 008 | 220922b |||||||| |||| 00| 0 hin d | ||
| 024 | _a152,216 | ||
| 037 | _cTextual | ||
| 040 |
_aARTS _cARTS _bhin |
||
| 041 |
_2hin _ahin |
||
| 082 | _aDelta3x, 152K9 | ||
| 100 | _aनथमल | ||
| 245 | 0 |
_aसमस्या का पत्थर _b अघ्यात्म की छेनी |
|
| 246 | _aSamasyā kā patthara: aghyātma kī chhenī | ||
| 260 | _c1969 | ||
| 650 | _aआध्यात्मिक अनुभव और रहस्यवाद | ||
| 942 |
_hDelta3x, 152K9 _cTEXL _2CC |
||
| 999 |
_c307865 _d307865 |
||